<?xml version="1.0" encoding="UTF-8"?>
<record
    xmlns:xsi="http://www.w3.org/2001/XMLSchema-instance"
    xsi:schemaLocation="http://www.loc.gov/MARC21/slim http://www.loc.gov/standards/marcxml/schema/MARC21slim.xsd"
    xmlns="http://www.loc.gov/MARC21/slim">

  <leader>00689nam a22002537a 4500</leader>
  <controlfield tag="003">0</controlfield>
  <controlfield tag="005">20180712105145.0</controlfield>
  <controlfield tag="008">0</controlfield>
  <datafield tag="010" ind1=" " ind2=" ">
    <subfield code="a">A-953286</subfield>
  </datafield>
  <datafield tag="020" ind1=" " ind2=" ">
    <subfield code="c">50.00</subfield>
    <subfield code="a">8122500196</subfield>
  </datafield>
  <datafield tag="035" ind1=" " ind2=" ">
    <subfield code="a">A-953286, A-896194</subfield>
  </datafield>
  <datafield tag="037" ind1=" " ind2=" ">
    <subfield code="b">Cen Lib/Ret</subfield>
  </datafield>
  <datafield tag="040" ind1=" " ind2=" ">
    <subfield code="a">DPL</subfield>
    <subfield code="b">EN</subfield>
    <subfield code="c">0</subfield>
  </datafield>
  <datafield tag="082" ind1=" " ind2=" ">
    <subfield code="a">650</subfield>
    <subfield code="b">AGA</subfield>
  </datafield>
  <datafield tag="100" ind1=" " ind2=" ">
    <subfield code="a">Agarwala, A. N.</subfield>
    <subfield code="9">25136</subfield>
  </datafield>
  <datafield tag="245" ind1=" " ind2=" ">
    <subfield code="a">Business methods and machinery /</subfield>
    <subfield code="c">by A. N. Agarwala</subfield>
  </datafield>
  <datafield tag="250" ind1=" " ind2=" ">
    <subfield code="a">13th ed</subfield>
  </datafield>
  <datafield tag="260" ind1=" " ind2=" ">
    <subfield code="b">Kitab Mahal</subfield>
    <subfield code="c">1997</subfield>
    <subfield code="a">Allahabad</subfield>
  </datafield>
  <datafield tag="270" ind1=" " ind2=" ">
    <subfield code="b">Allahabad</subfield>
    <subfield code="a">22-A, Sarojini Naidu Marg</subfield>
  </datafield>
  <datafield tag="300" ind1=" " ind2=" ">
    <subfield code="a">332p. </subfield>
    <subfield code="c">20cm(Hb)</subfield>
  </datafield>
  <datafield tag="650" ind1=" " ind2=" ">
    <subfield code="a">Business</subfield>
    <subfield code="9">8513</subfield>
  </datafield>
  <datafield tag="650" ind1=" " ind2=" ">
    <subfield code="a">Office equipment and supplies</subfield>
    <subfield code="9">25137</subfield>
  </datafield>
  <datafield tag="942" ind1=" " ind2=" ">
    <subfield code="2">ddc</subfield>
    <subfield code="c">EN</subfield>
    <subfield code="h">650</subfield>
    <subfield code="m">AGA</subfield>
  </datafield>
  <datafield tag="999" ind1=" " ind2=" ">
    <subfield code="c">129022</subfield>
    <subfield code="d">129022</subfield>
  </datafield>
  <datafield tag="952" ind1=" " ind2=" ">
    <subfield code="0">4</subfield>
    <subfield code="1">0</subfield>
    <subfield code="4">0</subfield>
    <subfield code="7">0</subfield>
    <subfield code="a">L</subfield>
    <subfield code="b">L</subfield>
    <subfield code="d">2015-07-04</subfield>
    <subfield code="e">Cen Lib/Ret</subfield>
    <subfield code="g">50.00</subfield>
    <subfield code="l">0</subfield>
    <subfield code="o">650 AGA</subfield>
    <subfield code="p">A-953286</subfield>
    <subfield code="r">2015-07-04 00:00:00</subfield>
    <subfield code="t">1</subfield>
    <subfield code="v">50.00</subfield>
    <subfield code="w">2016-09-15</subfield>
    <subfield code="y">EN</subfield>
    <subfield code="z">Written off on approval by DLB (By Circulation); dtd 15-06-2023</subfield>
  </datafield>
  <datafield tag="952" ind1=" " ind2=" ">
    <subfield code="0">0</subfield>
    <subfield code="1">0</subfield>
    <subfield code="2">ddc</subfield>
    <subfield code="4">0</subfield>
    <subfield code="7">0</subfield>
    <subfield code="8">NFIC</subfield>
    <subfield code="a">BL1</subfield>
    <subfield code="b">BL1</subfield>
    <subfield code="d">2018-07-12</subfield>
    <subfield code="e">BPPD/PUB</subfield>
    <subfield code="g">50.00</subfield>
    <subfield code="l">0</subfield>
    <subfield code="o">650 AGA</subfield>
    <subfield code="p">A-896194</subfield>
    <subfield code="r">2018-07-12 00:00:00</subfield>
    <subfield code="v">50.00</subfield>
    <subfield code="w">2018-07-12</subfield>
    <subfield code="y">EN</subfield>
  </datafield>
</record>
